Los maestros de instrucción pública de Puerto Rico (Record no. 173367)

MARC details
000 -LEADER
campo de control de longitud fija 00700nam a2200193 i 4500
001 - NÚMERO DE CONTROL
campo de control 173367
003 - IDENTIFICADOR DE NÚMERO DE CONTROL
campo de control ES-MaACL
005 - FECHA Y HORA DE LA ÚLTIMA TRANSACCIÓN
campo de control 20230906215225.0
008 - DATOS DE LONGITUD FIJA--INFORMACIÓN GENERAL
campo de control de longitud fija 091127s1975 pr |||| | spa d
080 ## - NÚMERO DE LA CLASIFICACIÓN DECIMAL UNIVERSAL
Número de la Clasificación Decimal Universal 373.311.24(729.5)
100 1# - ENTRADA PRINCIPAL--NOMBRE DE PERSONA
Nombre de persona Nieves Falcón, Luis.
9 (RLIN) 85731
245 14 - MENCIÓN DEL TÍTULO
Título Los maestros de instrucción pública de Puerto Rico
Resto del título : (perfiles sociológicos y profesionales) /
Mención de responsabilidad, etc. Luis Nieves Falcón, Patria Cintrón de Crespo.
250 ## - MENCION DE EDICION
Mención de edición 2ª ed.
260 ## - PUBLICACIÓN, DISTRIBUCIÓN, ETC.
Lugar de publicación, distribución, etc. San Juan [Puerto Rico] :
Nombre del editor, distribuidor, etc. Editorial Universitaria,
Fecha de publicación, distribución, etc. 1975.
300 ## - DESCRIPCIÓN FÍSICA
Extensión 167 p., 2 h. ;
Dimensiones 20 cm.
650 #4 - PUNTO DE ACCESO ADICIONAL DE MATERIA--TÉRMINO DE MATERIA
Término de materia o nombre geográfico como elemento de entrada Enseñanza-
Subdivisión geográfica Puerto Rico.
9 (RLIN) 163434
700 1# - ENTRADA AGREGADA--NOMBRE PERSONAL
Nombre de persona Cintrón de Crespo, Patria.
9 (RLIN) 163477
852 ## - LOCALIZACIÓN
Ubicación ES-MaACL
Número de control de estantería C-57029
Holdings
Estatus retirado Estado de pérdida Estado de daño No para préstamo Biblioteca de origen Biblioteca actual Ubicación en estantería Fecha de adquisición Fuente de adquisición Total de préstamos Signatura topográfica completa Código de barras Visto por última vez Precio de reemplazo Tipo de ítem Koha
        Biblioteca del Ateneo de Madrid Biblioteca del Ateneo de Madrid Depósito 2 27/11/2009     C-57029 1181944 23/02/2023 23/02/2023 Libro impreso